000 01032nmc a2200349 a 4500
003 AR-BaBNM
005 20251128203901.0
008 067019s1961 ||||||||||||||000 | spa||
040 _cAR-BaBNM
100 1 _aFaunce, Roland C.
245 1 0 _aDesarrollo del plan escolar de núcleo básico
260 _aBuenos Aires
_bEudeba
_c1961
300 0 _a351 p.
490 0 _aTemas de Eudeba. Educación
500 0 _aContiene índice
504 _aContiene bibliografía al final de cada capítulo
650 4 _aPLANIFICACION DEL PLAN DE ESTUDIOS
650 4 _aPLANES DE CLASE
650 4 _aFORMULACION DEL PROGRAMA
650 4 _aDIDACTICA
650 4 _aROL DEL DOCENTE
650 4 _aACTIVIDADES EN GRUPO
650 4 _aASESORAMIENTO DE GRUPO
650 4 _aASESORAMIENTO DEL DOCENTE
650 4 _aEVALUACION DEL PROGRAMA
653 0 _aORIENTACION EDUCATIVA
700 1 _aBossing, Nelson L.
700 1 _aScala, Susana
_etraductor
700 1 _aSolari, Manuel Horacio
_erevisión
942 _cBK
998 _cSILVI
999 _c5318
_d5318